000 00255nam a22001217a 4500
008 170424b xxu||||| |||| 00| 0 eng d
041 _aeng
080 _27 ED
_a573
100 _a11
101 _aSHM
245 _aBIOLOGY
_cSOLOMON.E.P
942 _2udc
_cBK
999 _c11587
_d11587